000 01500cam a2200337 a 4500
001 2123121
003 ARRUPE
005 20150122164619.0
008 970130s1997 ne a b 111 0 eng
010 _a 97002399
020 _a0792344529 (acidfree paper)
040 _aDLC
_cDLC
_dDLC
050 0 0 _aQ174
_b.B67 vol.193
082 0 0 _a001/.01 s
_a530.12
_221
245 0 0 _aExperimental metaphysics /
_cedited by Robert S. Cohen, Michael Horne, and John Stachel.
260 _aDordrecht ;
_bKluwer Academic Publishers,
_cc1997.
300 _ax, 257 .p :
_bill. ;
_c25 cm.
440 0 _aBoston studies in the philosophy of science ;
_vv. 193
_914221
440 0 _aQuantum mechanical studies for Abner Shimony ;
_vv. 1
_914222
500 _aPapers presented at a symposium held on 19 Sept. 1994, at the Center for the Philosophy and History of Science, together with the Physics and Philosophy Depts. of Boston University.
504 _aIncludes bibliographical references and index.
650 0 _aScience
_xPhilosophy
_xCongresses.
_914223
650 0 _aMetaphysics
_xCongresses.
_914224
700 1 _aShimony, Abner.
_914225
700 1 _aCohen, R. S.
_q(Robert Sonné)
_914125
700 1 _aHorne, Michael.
_914226
700 1 _aStachel, John J.,
_d1928-
_914227
906 _a7
_bcbc
_corignew
_d1
_eocip
_f19
_gy-gencatlg
942 _2lcc
_cMONOGRAPH
999 _c121766
_d121766